000 01250nab a22002297a 4500
999 _c5482
_d5482
003 OSt
005 20251204091134.0
008 190604e xxu||||| |||| 00| 0 spa d
040 _cPJ
100 _96465
_aMendaña, Silvia Mariana
245 1 3 _aLa hipoteca en garantía de créditos indeterminados /
_cSilvia Mariana Mendaña.
260 _aCiudad Autónoma de Buenos Aires :
_bThomson Reuters La Ley,
_c2025.
300 _ap. 93-126
500 _aCita Online: TR LALEY AR/DOC/1120/2025.
505 _aSumario: I. Introducción.— II. La tutela conservatoria del crédito y la función de la garantía.— III. El problema de la determinación de los créditos en el Código de Vélez.— IV. El Cód. Civ. y Com. con relación a nuestra problemática.— V. Síntesis y conclusiones.— VI. Ajustes y recomendaciones de lege ferenda. Reflexión final.
505 _t¿Te interesa el texto completo? Solicitalo al correo: koha@justierradelfuego.gov.ar
650 0 _91819
_aHIPOTECA
650 0 _91821
_aDERECHOS REALES
650 0 _91497
_aCODIGO CIVIL Y COMERCIAL
773 0 _02714
_93171
_dCiudad Autónoma de Buenos Aires : Thomson Reuters La Ley, 2014-
_tRevista anales de legislación argentina. Nº 8 - Agosto 2025.
942 _2udc
_cANA